[Event "Chigorin Memorial 23rd"]
[Site "St Petersburg"]
[Date "2015.10.05"]
[Round "3"]
[White "Pogosian, Vladimir"]
[Black "Zakharov, Yuri Vasilievich"]
[Result "1-0"]
[WhiteElo "2167"]
[BlackElo "1733"]
[PlyCount "98"]
[EventDate "2015.10.03"]
[EventType "swiss"]
[EventRounds "9"]
[EventCountry "RUS"]
[SourceTitle "CBM 168 Extra"]
[Source "ChessBase"]
[SourceDate "2015.10.29"]
[SourceVersion "1"]
[SourceVersionDate "2015.10.29"]
[SourceQuality "1"]

1. e4 d6 2. d4 Nf6 3. Nc3 g6 4. Be2 Bg7 5. h4 h5 6. Bg5 c6 7. Qd2 Qc7 8. 0-0-0 a6 9. Nh3 e5 10. f4 Bxh3 11. Rxh3 Nbd7 12. Rf1 Ng4 13. fxe5 dxe5 14. dxe5 Ndxe5 15. Kb1 0-0 16. Qc1 b5 17. Nd1 Qd7 18. Ne3 Qe6 19. Nxg4 Nxg4 20. Bxg4 Qxg4 21. Qf4 Qe6 22. Rd3 Be5 23. Qe3 Rab8 24. Rfd1 b4 25. Rd7 Rfe8 26. Qf3 a5 27. Bf4 Rf8 28. g3 Qf6 29. Qe3 Rfe8 30. Bxe5 Rxe5 31. Qd3 Re7 32. Rxe7 Qxe7 33. Qd6 Re8 34. Qxc6 Qxe4 35. Qxe4 Rxe4 36. Kc1 Re2 37. Rd3 Re5 38. Kd2 Kg7 39. c4 bxc3+ 40. bxc3 Kf6 41. c4 Ke6 42. Kc3 f6 43. Kd4 Kd6 44. Rb3 Rc5 45. Rf3 f5 46. Rb3 a4 47. Rb8 Re5 48. Rd8+ Kc7 49. Kxe5 Kxd8 1-0

[Event "Chigorin Memorial 23rd"]
[Site "St Petersburg"]
[Date "2015.10.04"]
[Round "2"]
[White "Zakharov, Yuri Vasilievich"]
[Black "Oberholzer, Francois"]
[Result "1-0"]
[WhiteElo "1733"]
[BlackElo "2032"]
[PlyCount "73"]
[EventDate "2015.10.03"]
[EventType "swiss"]
[EventRounds "9"]
[EventCountry "RUS"]
[SourceTitle "CBM 168 Extra"]
[Source "ChessBase"]
[SourceDate "2015.10.29"]
[SourceVersion "1"]
[SourceVersionDate "2015.10.29"]
[SourceQuality "1"]

1. Nf3 Nf6 2. g3 g6 3. Bg2 Bg7 4. 0-0 0-0 5. d4 c5 6. c3 d5 7. Qb3 cxd4 8. cxd4 Nc6 9. Nc3 Ne4 10. e3 Nxc3 11. bxc3 Na5 12. Qb4 b6 13. Re1 Bb7 14. a4 Rc8 15. Ba3 Re8 16. Nd2 Qd7 17. f4 h5 18. h4 Nc4 19. Nxc4 Rxc4 20. Qb3 Rec8 21. Bb2 Bc6 22. a5 Ba4 23. Qa3 b5 24. e4 dxe4 25. Rxe4 Bf8 26. Qa2 Qg4 27. Kh2 e6 28. Rae1 Qf5 29. Bh3 Qf6 30. R4e3 Qd8 31. Bf1 R4c6 32. c4 Qxa5 33. c5 Qd8 34. Bg2 R6c7 35. Qa3 Bg7 36. Qa1 Bb3 37. Rxb3 1-0

[Event "Chigorin Memorial 22nd"]
[Site "St Petersburg"]
[Date "2014.10.25"]
[Round "8"]
[White "Zakharov, Yuri Vasilievich"]
[Black "Kozhabekov, Adilkhan"]
[Result "0-1"]
[WhiteElo "1830"]
[BlackElo "2107"]
[PlyCount "72"]
[EventDate "2014.10.18"]
[EventType "swiss"]
[EventRounds "9"]
[EventCountry "RUS"]
[SourceTitle "EXT 2015"]
[Source "ChessBase"]
[SourceDate "2014.11.20"]
[SourceVersion "1"]
[SourceVersionDate "2014.11.20"]
[SourceQuality "1"]

1. Nf3 Nf6 2. d4 e6 3. g3 d5 4. Bg2 Be7 5. 0-0 0-0 6. b3 b6 7. Bb2 Bb7 8. Ne5 Qc8 9. Nd2 c5 10. e3 Nbd7 11. c4 dxc4 12. Bxb7 Qxb7 13. Ndxc4 Rfd8 14. Qe2 Rac8 15. Nxd7 Nxd7 16. Rfd1 b5 17. Ne5 Nxe5 18. dxe5 Rxd1+ 19. Rxd1 c4 20. bxc4 bxc4 21. Bc3 h6 22. h4 a5 23. Rd4 Bb4 24. Qc2 Bxc3 25. Qxc3 Qb1+ 26. Kg2 Qxa2 27. Rd2 Qb3 28. Qxa5 c3 29. Rd8+ Rxd8 30. Qxd8+ Kh7 31. Qd3+ g6 32. Kf3 Qb2 33. h5 c2 34. hxg6+ Kg7 35. Qd8 Qxe5 36. gxf7 Qd5+ 0-1